<?xml version="1.0" encoding="UTF-8"?>
<marc:record xmlns:marc="http://www.loc.gov/MARC21/slim">
   <marc:leader>00000nam a2200000 a 4500</marc:leader>
   <marc:datafield ind1="1" ind2=" " tag="100">
      <marc:subfield code="a">Clarke, Norie</marc:subfield>
      <marc:subfield code="4">aut</marc:subfield>
      <marc:subfield code="e">Verfasser/-in</marc:subfield>
   </marc:datafield>
   <marc:datafield ind1=" " ind2=" " tag="653">
      <marc:subfield code="a">Erzählende Literatur</marc:subfield>
   </marc:datafield>
   <marc:datafield ind1="0" ind2="0" tag="245">
      <marc:subfield code="a">Neuanfang in Notting Hill</marc:subfield>
   </marc:datafield>
   <marc:datafield ind1="0" ind2="0" tag="245">
      <marc:subfield code="b">Roman</marc:subfield>
   </marc:datafield>
   <marc:datafield ind1=" " ind2="1" tag="264">
      <marc:subfield code="b">dtv</marc:subfield>
      <marc:subfield code="c">2025</marc:subfield>
   </marc:datafield>
   <marc:datafield ind1="1" ind2=" " tag="520">
      <marc:subfield code="a">JessÆ Leben liegt in Trümmern: Nachdem ihr Freund sie sitzen gelassen und ihr Konto leer geräumt hat, wohnt sie schon viel zu lange bei ihrer besten Freundin. Bis sie eine außergewöhnliche Zeitungsannonce entdeckt: Die Inserentin ist eine 80 Jahre alte Dame namens Joan, die sich in ihrem Haus mitten im schönen Notting Hill einsam fühlt und eine Untermieterin sucht. Kurzerhand beschließt Jess, einzuziehen. Sie erkennt eine Frau, die von der Welt zurückgelassen wurde, und schlägt ihr einen Tausch vor: Wenn Joan zustimmt, online zu gehen, wird sie offline gehen. Und als Jess erfährt, dass Joan die Liebe ihres Lebens nie vergessen hat, beginnt sie nachzuforschen, ohne zu ahnen, dass in Joans Geschichte ihr eigener Neuanfang liegt ...</marc:subfield>
   </marc:datafield>
   <marc:datafield ind1=" " ind2=" " tag="020">
      <marc:subfield code="a">9783423221054</marc:subfield>
      <marc:subfield code="9">9783423221054</marc:subfield>
   </marc:datafield>
</marc:record>
